Britney Spears Charting Songs (Pop Airplay) - Statistics

General Stats
  • This quiz has been taken 9 times
  • The average score is 28 of 37
Answer Stats
Album Feature(s) Peak Answer % Correct
…Baby One More Time None #1 (5 Weeks) …Baby One More Time
100%
Oops!… I Did It Again None #1 (3 Weeks) Oops! …I Did It Again
100%
In the Zone None #1 (4 Weeks) Toxic
100%
Circus None #1 (1 Week) Circus
89%
Blackout None #17 Gimme More
89%
In the Zone Madonna #11 Me Against the Music
89%
#willpower will.i.am #3 Scream & Shout
89%
…Baby One More Time None #6 Sometimes
89%
Femme Fatale Kesha & Nicki Minaj #4 Till the World Ends
89%
Circus None #1 (2 Weeks) Womanizer
89%
Britney Pharrell Williams #38 Boys
78%
In the Zone None #4 Everytime
78%
Circus None #8 If U Seek Amy
78%
Britney None #15 I’m a Slave 4 U
78%
Oops!… I Did It Again None #9 Lucky
78%
My Prerogative None #22 My Prerogative
78%
Blackout None #28 Piece of Me
78%
Blackout/Circus None #30 Radar
78%
Glory Tinashe #27 Slumber Party
78%
The Singles Collection None #2 3
67%
Blackout None #21 Break the Ice
67%
Femme Fatale None #19 Criminal
67%
…Baby One More Time None #17 From the Bottom of My Broken Heart
67%
Femme Fatale None #3 Hold It Against Me
67%
The Lockdown Sessions Elton John #10 Hold Me Closer
67%
Femme Fatale None #1 (1 Week) I Wanna Go
67%
Glory G-Eazy #20 Make Me…
67%
Smurfs Soundtrack None #21 Ooh La La
67%
In the Zone None #23 Outrageous
67%
Non-Album Single Iggy Azalea #23 Pretty Girls
67%
Oops!… I Did It Again None #17 Stronger
67%
Britney Jean None #14 Work Bitch!
67%
…Baby One More Time None #4 (You Drive Me) Crazy
67%
Britney None #37 Overprotected
56%
Britney Jean None #22 Perfume
56%
Britney None #21 I'm Not A Girl, Not Yet A Woman
44%
Non-Album Single ALTEGO & Ginuwine #40 Toxic Pony
44%
No matching quizzes found
Score Distribution
Percent of People with Each Score
Percentile by Number Answered
Your Score History
You have not taken this quiz